000 00722nam a22001937a 4500
999 _c19204
_d19204
003 AR-CdUCM
008 190502b ||||| |||| 00| 0 spa d
040 _aMUNICIPALIDAD PROVINCIAL DEL CUSCO
_cBIBLIOTECA MUNICIPAL DEL CUSCO
082 _a978.20 /
_bG15
100 _aGalíndez, Jesús de
_935371
245 _aLa era de Trujillo :
_bUn estudio casuístico de la dictadura hispanoamericana /
260 _aBuenos Aires :
_bAmericana,
_c1962.
300 _a238 páginas ;
_c23 cm.
505 _aContenido : Sinopsis histórica de un cuarto de siglo -- Análisis de régimen político bajo Trujillo...
650 _aHistoria
_9136
650 _aHispanoamericana
_96074
942 _2ddc
_cLIBROS
945 _aacv
_d2019-05-16